| 000 | 00999nam a22002417a 4500 | ||
|---|---|---|---|
| 010 | _aA-978110 | ||
| 020 | _a817116224 | ||
| 035 | _aA-978110 | ||
| 037 | _bCen Lib / Ret | ||
| 040 |
_aDPL _bPN |
||
| 082 |
_a852 _bਸਿ੍ਧੂੂੂਚ |
||
| 100 |
_aਸਿ੍ਧੂੂੂ , ਚਰਨ ਦਾਸ _93200 |
||
| 245 |
_aਇਕੀਵੀਂਂ ਮੰਜਿਲ : _bਦੁਖਾਂਤ ਨਾਟਕ _c ਚਰਨ ਦਾਸ ਸਿ੍ਧੂੂੂ |
||
| 246 |
_aEkivee manzil : buskin _bby Charan dass sidhu |
||
| 260 |
_aਦਿਲੀ _bਨੌਸ਼ਨਲ ਬੁਕ ਸ਼ਾਪ _c1999 |
||
| 270 |
_aਪਲਈ੍ਅਰ ਗਾਰਡਨ ਮਾਰਕੀਟ, ਚਾਂਦਨੀ ਚੌਕ, _bਦਿਲੀ _e110006 |
||
| 300 |
_a88 p. _c23cm(Hb) |
||
| 650 |
_aਸਾਹਿਤ--ਪੰਜਾਬੀ _9127173 |
||
| 650 |
_aਪੰਜਾਬੀ --ਨਾਟਕ _9127174 |
||
| 650 |
_aLiterature--Punjabi _9127175 |
||
| 650 |
_aPunjabi--Play _97361 |
||
| 942 |
_2ddc _cPN _e1999 _h852 _mਸਿਧੂਚ |
||
| 999 |
_c109628 _d109628 |
||